| 000 | 01004cad a22002055a 4500 | ||
|---|---|---|---|
| 001 | L152160 | ||
| 008 | 110204e20110202xxk 000 0 eng d | ||
| 035 | _a(Sirsi) u152160 | ||
| 041 | 0 | _aeng | |
| 110 | 2 |
_aUnited Kingdom _bDepartment for Communities and Local Government _94939 |
|
| 245 | 0 | 0 |
_aGrant Shapps _bcommunities to be given a right to reclaim land _h[electronic resource] |
| 260 | _c2011 | ||
| 490 |
_aDCLG News Release _v2 February 2011 |
||
| 520 | _aNew Community Right to Reclaim Land will help members of the public improve their local area by using disused publicly owned land for new development. To facilitate this a new one-stop shop will be developed to tell citizens about empty land and buildings they can develop to improve their local area. | ||
| 590 | _aKA NTK | ||
| 651 | 4 |
_aUnited Kingdom _y |
|
| 690 |
_aPlanning and development _96259 |
||
| 856 | 4 | 0 |
_uhttps://www.communities.gov.uk/news/corporate/1833082 _zview the item free of charge at www.communities.gov.uk |
| 942 | _n0 | ||
| 999 |
_c82895 _d82895 |
||